header

Elizabeth Next Stop, Jr. High (Record no. 263569)

MARC details
000 -LEADER
fixed length control field 00224nam a22000977a 4500
020 ## - INTERNATIONAL STANDARD BOOK NUMBER
ISBN 0553492373
100 ## - MAIN ENTRY--AUTHOR NAME
Personal name Jamie Suzanne
245 ## - TITLE STATEMENT
Title Elizabeth Next Stop, Jr. High
260 ## - PUBLICATION, DISTRIBUTION, ETC. (IMPRINT)
Place of publication New York
Name of publisher Bantam Books
Year of publication 1998
942 ## - ADDED ENTRY ELEMENTS (KOHA)
Koha item type Long Loan Books
Holdings
Withdrawn status Lost status Collection code Home library Current library Shelving location Date acquired Accession Number Koha item type
    Fiction Rongo University Library Rongo University Library Children's Area 07/05/2024 CL2021637 Long Loan Books

© 2026 Rongo University
Contact us: librarian | system librarian | Rongo university